Remedies the law of damages /

Bibliographic Details
Main Author: Cassels, Jamie
Format: eBook
Language:English
Published: Toronto: Irwin Law Inc., 2000
Subjects:
Online Access:Acceso restringido

MARC

LEADER 00000nam a22000007a 4500
005 2021083100150.0
007 cr|||| ||||
008 210831s2000 ca |||||s|||| 00||0 eng d
020 |a 9781459313408 
035 |a 35274 
040 |a vLex 
090 |c 12164  |d 12164 
100 1 |a Cassels, Jamie 
245 1 0 |a Remedies  |h [Recurso electrn̤ico] :  |b the law of damages /  |c Jamie Cassels 
256 |a Servicio en ln̕ea 
260 |a Toronto:  |b Irwin Law Inc.,  |c 2000 
300 |a 1 recurso electrn̤ico 
506 1 |a Disponible solo en los productos indicados  |d vLex Global  |d vLex Global (Academic Edition, excluding Law Schools)  |d vLex Global (U.S. Academic Edition, Law Schools)  |d vLex Global (U.S. Academic Edition, excluding Law Schools)  |d vLex Global (Academic Edition, Law Schools) 
650 0 4 |a Derecho Civil  |z Canad̀ 
740 0 |a vLex Libros (Servicio en ln̕ea) 
856 4 0 |u https://app.vlex.com/#/sources/35274  |z Acceso restringido 
942 |c BOOK 
999 0 |a Civil Law